Statistics for Biggest city by country letter

Click here to take the quiz!

General Stats

  • This quiz has been taken 32 times
  • The average score is 18 of 24

Answer Stats

Country LetterPopulationCity% Correct
F10.7 MParis
100%
A14.5 MBuenos Aires
96%
C31.7 MGuangzhou
96%
G4.33 MBerlin
92%
U21.6 MNew York City
92%
R16.5 MMoscow
88%
B21.5 MSão Paulo
88%
J34.8 MTokyo
88%
Q1.83 MDoha
79%
I26.4 MJakarta
79%
O735 kMuscat
79%
E16.1 MCairo
75%
D9.95 MKinshasa
75%
N13.2 MLagos
75%
M23.8 MMexico City
75%
K4.83 MNairobi
75%
H2.68 MPort-Au-Prince
71%
Y2.30 MSana'a
71%
Z2.30 MHarare
67%
V8.20 MHo Chi Minh City
67%
P22.7 MKarachi
63%
S25.8 MSeoul
63%
T14.5 MBangkok
58%
L1.33 MBeirut
38%

Score Distribution

Percentile by Number Answered

Percent of People with Each Score

Your Score History

You have not taken this quiz